000 00310nam a22001337a 4500
008 170529b xxu||||| |||| 00| 0 eng d
020 _a0879422076
041 _aeng
080 _a621.3
100 _a27
101 _aIM
245 _aADAPTIVE METHODS FOR CONTROL SYSTEM DESIGN
_cGUPTA, M.M
942 _2udc
_cBK
999 _c14799
_d14799